000 00232nam a22001217a 4500
040 _cHS
082 _a338
100 _aNA
245 _aបច្ចេកវិជ្ជា
260 _aNA
_bNA
_cNA
300 _a115p;
942 _cKB
999 _c9757
_d9757